Introducción a la investigación y evaluación educativa / Patrick B. Scott
| Автор: | |
|---|---|
| Формат: | Книга |
| Мова: | Іспанська |
| Опубліковано: |
[Guatemala] :
Talleres Publiesca,
[1988?]
|
| Предмети: |
MARC
| LEADER | 00000nam a2200000Ia 4500 | ||
|---|---|---|---|
| 008 | 171207b1988 g ||||| |||| 00| | spa d | ||
| 999 | |c 1478 |d 1478 | ||
| 090 | |a 06.02.01 |b 1884 | ||
| 100 | 1 | |a Scott, Patrick B. |9 3299 | |
| 245 | |a Introducción a la investigación y evaluación educativa / |b Patrick B. Scott | ||
| 260 | |a [Guatemala] : |b Talleres Publiesca, |c [1988?] | ||
| 300 | |a 147 páginas | ||
| 650 | 1 | 4 | |a EDUCACIÓN |9 1 |
| 650 | 1 | 4 | |a INVESTIGACIÓN |9 163 |
| 942 | |i 002688 |h 06.02.01 1884 |2 z |c 01 | ||
